000 00780nam a2200265Ia 4500
008 160418s9999 xx 000 0 und d
020 _a971-569-465-9
050 _aFIL T 11
050 _b.C46 2003 c.1
100 _aCentenera, Fe. G.
245 _aEnhancing writing skills :
245 _btextbook-workbook /
245 _cFe. G. Centenera.
260 _aMakati City:
260 _bBooksmark, Inc.,
260 _c2003
300 _a166 pages :
300 _billustrations ;
300 _c25 cm.
500 _aIncludes bibliographical references.
650 _aEnglish language -- Composition and excersies.
650 _aEnglish language -- Rhetoric.
650 _xEnglish language -- Paragraphs.
650 _xEnglish language -- Textbook and workbook.
999 _c293451
_d293451